|
|
|
|
| LEADER |
00949nab a2200229 i 4500 |
| 001 |
misc61317 |
| 005 |
20230228145624.0 |
| 008 |
230223s1971 hu o 0|| ger d |
| 040 |
|
|
|a SZTE Miscellanea Repozitórium
|b hun
|
| 041 |
|
|
|a ger
|
| 100 |
1 |
|
|a Spuler Bertold
|
| 245 |
1 |
0 |
|a Friedrich H Kochwasser, Kuwait
|h [elektronikus dokumentum] :
|b Geschichte, Wesen und Funktion eines modernen arabischen Staates. Tübingen, Erdmann, 1969 : Buchbesprechung /
|c Spuler Bertold
|
| 260 |
|
|
|a De Gruyter
|b Berlin
|c 1971
|
| 300 |
|
|
|a [1] p.
|c 24 cm
|
| 490 |
0 |
|
|a Der Islam : Zeitschrift für Geschichte und Kultur des islamischen Orients
|
| 561 |
|
|
|a Németh Gyula hagyaték
|
| 591 |
|
|
|a NOV 5749
|
| 650 |
|
4 |
|a Bölcsészettudományok
|
| 650 |
|
4 |
|a Történettudomány és régészet
|
| 695 |
|
|
|a Arab államok története - könyvismertetés
|
| 700 |
0 |
1 |
|a Kochwasser Friedrich H.
|
| 856 |
4 |
0 |
|u http://misc.bibl.u-szeged.hu/61317/1/5749_nov.pdf
|z Dokumentum-elérés
|